लोकपुरुष सरदार वल्लभभाई पटेल (Record no. 1264446)

MARC details
000 -LEADER
fixed length control field 00773nam a2200193Ia 4500
008 - FIXED-LENGTH DATA ELEMENTS--GENERAL INFORMATION
fixed length control field 151121s9999||||xx |||||||||||||| ||und||
082 ## - DEWEY DECIMAL CLASSIFICATION NUMBER
Classification number 920/गिते
082 ## - DEWEY DECIMAL CLASSIFICATION NUMBER
Item number HNW-115743
100 ## - MAIN ENTRY--PERSONAL NAME
Personal name गिते विलास - अनु।
245 ## - TITLE STATEMENT
Title लोकपुरुष सरदार वल्लभभाई पटेल
260 ## - PUBLICATION, DISTRIBUTION, ETC. (IMPRINT)
Name of publisher, distributor, etc "इंडस सोसो बुक, मुंबई।"
260 ## - PUBLICATION, DISTRIBUTION, ETC. (IMPRINT)
Date of publication, distribution, etc 2014
300 ## - PHYSICAL DESCRIPTION
Extent 283
600 ## - SUBJECT ADDED ENTRY--PERSONAL NAME
Personal name गिते विलास - अनु।
630 ## - SUBJECT ADDED ENTRY--UNIFORM TITLE
Uniform title लोकपुरुष सरदार वल्लभभाई पटेल
700 ## - ADDED ENTRY--PERSONAL NAME
Personal name गिते विलास - अनु।
730 ## - ADDED ENTRY--UNIFORM TITLE
Uniform title लोकपुरुष सरदार वल्लभभाई पटेल
942 ## - ADDED ENTRY ELEMENTS (KOHA)
Koha item type Book
Holdings
Withdrawn status Lost status Damaged status Not for loan Home library Current library Date acquired Cost, normal purchase price Total Checkouts Full call number Barcode Date last seen Cost, replacement price Price effective from Koha item type
        Hirachand Nemchand Wachanalaya, Solapur Hirachand Nemchand Wachanalaya, Solapur 12/01/2014 375.00   HNW-115743 HNW-115743 11/21/2015 375.00 11/21/2015 Book